Countries in the "Water Hemisphere" of the Earth - Statistics

General Stats
  • This quiz has been taken 233 times
    221 since last reset
  • The average score is 29 of 35
Answer Stats
Country % Correct
Australia
94%
New Zealand
94%
Indonesia
92%
Nauru
92%
Japan
91%
Tuvalu
91%
Palau
90%
Solomon Islands
90%
Marshall Islands
89%
Tonga
89%
United States
89%
Vanuatu
89%
Kiribati
88%
Micronesia
88%
East Timor
87%
Fiji
87%
Malaysia
87%
Philippines
87%
Samoa
86%
Chile
85%
Vietnam
85%
China
83%
Papua New Guinea
83%
Taiwan
82%
Argentina
81%
Brunei
79%
Peru
79%
Cambodia
78%
Thailand
77%
Laos
75%
Singapore
75%
Brazil
72%
Uruguay
65%
Bolivia
63%
Paraguay
61%
No matching quizzes found
Score Distribution
Percent of People with Each Score
Percentile by Number Answered
Your Score History
You have not taken this quiz since the last reset